[Event "CP-2009-Q-00011"]
[Site "LSS email"]
[Date "2011.02.03"]
[Round "?"]
[White "Orlov, Vladimir Borisovich"]
[Black "Pintor, Manuel Abranches"]
[Result "1-0"]
[WhiteElo "2235"]
[BlackElo "2115"]
[PlyCount "123"]
[EventDate "2011.02.05"]
[EventType "tourn (corr)"]
[EventRounds "6"]
[EventCountry "GER"]
[SourceTitle "Telechess CBM 149"]
[Source "ChessBase"]
[SourceDate "2012.07.17"]
[SourceVersion "1"]
[SourceVersionDate "2012.07.17"]
[SourceQuality "1"]

1. e4 e5 2. Nf3 Nc6 3. Bb5 a6 4. Ba4 Nf6 5. 0-0 Be7 6. Re1 b5 7. Bb3 d6 8. c3 0-0 9. h3 Bb7 10. d4 Re8 11. a4 h6 12. Nbd2 Bf8 13. Bc2 exd4 14. cxd4 Nb4 15. Bb1 c5 16. d5 Nd7 17. Ra3 f5 18. exf5 Rxe1+ 19. Qxe1 Bxd5 20. Ne4 bxa4 21. Bf4 Nf6 22. Rxa4 Nxe4 23. Bxe4 Bxe4 24. Qxe4 Qe8 25. Qxe8 Rxe8 26. Nh4 Rb8 27. Ng6 Rb6 28. g4 Nd3 29. Ra3 Nxb2 30. Re3 Kf7 31. h4 Nc4 32. Nh8+ Kg8 33. Re8 Kxh8 34. Rxf8+ Kh7 35. g5 hxg5 36. hxg5 g6 37. f6 Rb7 38. Re8 Rf7 39. Kf1 a5 40. Ke2 d5 41. Kd3 Nb2+ 42. Kc2 Nc4 43. Rc8 Rd7 44. Bc7 Rf7 45. f4 a4 46. Be5 Nb6 47. Rxc5 Kg8 48. Kd3 a3 49. Rb5 Rb7 50. Rb3 Kf7 51. Rxa3 Nd7 52. Ra8 Nf8 53. Kd4 Rd7 54. Kc5 d4 55. f5 d3 56. Bd6 gxf5 57. Rxf8+ Kg6 58. Bf4 d2 59. Bxd2 Rxd2 60. Rg8+ Kf7 61. Rg7+ Kf8 62. Rb7 1-0

[Event "CP-2009-Q-00011"]
[Site "LSS email"]
[Date "2011.02.03"]
[Round "?"]
[White "Silkin, Aleksey Vyacheslavo"]
[Black "Orlov, Vladimir Borisovich"]
[Result "1/2-1/2"]
[WhiteElo "2222"]
[BlackElo "2235"]
[PlyCount "107"]
[EventDate "2011.02.05"]
[EventType "tourn (corr)"]
[EventRounds "6"]
[EventCountry "GER"]
[SourceTitle "Telechess CBM 149"]
[Source "ChessBase"]
[SourceDate "2012.07.17"]
[SourceVersion "1"]
[SourceVersionDate "2012.07.17"]
[SourceQuality "1"]

1. d4 Nf6 2. c4 e6 3. Nf3 b6 4. g3 Ba6 5. Qa4 Bb7 6. Bg2 c5 7. dxc5 bxc5 8. 0-0 Be7 9. Nc3 0-0 10. Rd1 Qb6 11. Bf4 Rd8 12. Rd2 d6 13. Rad1 Ne8 14. Nb5 Na6 15. Ne1 e5 16. Be3 h6 17. Nc3 Nf6 18. a3 Bxg2 19. Nxg2 Nc7 20. f3 a5 21. h3 Rdb8 22. Bf2 g6 23. Ne3 Rb7 24. Ng4 Nxg4 25. hxg4 Rab8 26. Be3 Kg7 27. Kg2 Qb3 28. Rh1 g5 29. Rd3 e4 30. fxe4 Ne8 31. Qxb3 Rxb3 32. Bc1 Nf6 33. Kh3 R3b7 34. Rd2 Kg6 35. Rhd1 Bf8 36. e5 dxe5 37. Rd8 Be7 38. Rxb8 Rxb8 39. Nb5 Rb7 40. a4 Ne4 41. Be3 Kf6 42. Rd3 Ke6 43. Kg2 f5 44. Kf3 Nf6 45. gxf5+ Kxf5 46. Rd1 Ng4 47. Bg1 e4+ 48. Kg2 Ne5 49. b3 Rd7 50. Rxd7 Nxd7 51. Na7 Ne5 52. Be3 Ke6 53. Bd2 Bd8 54. Be3 1/2-1/2

[Event "SM-2010-0-00106"]
[Site "LSS email"]
[Date "2010.06.07"]
[Round "?"]
[White "Bernal Varela, Nelson"]
[Black "Orlov, Vladimir Borisovich"]
[Result "0-1"]
[WhiteElo "2350"]
[BlackElo "2229"]
[PlyCount "114"]
[EventDate "2010.05.10"]
[EventType "tourn (corr)"]
[EventRounds "6"]
[EventCountry "GER"]
[SourceTitle "Telechess CBM 157"]
[Source "ChessBase"]
[SourceDate "2013.11.12"]
[SourceVersion "1"]
[SourceVersionDate "2013.11.12"]
[SourceQuality "1"]

1. e4 e6 2. d4 d5 3. Nd2 c5 4. Ngf3 cxd4 5. exd5 Qxd5 6. Bc4 Qd6 7. 0-0 Nf6 8. Nb3 Nc6 9. Nbxd4 Nxd4 10. Qxd4 Qxd4 11. Nxd4 Bd7 12. Bf4 Rc8 13. Bb3 Bc5 14. Rad1 0-0 15. c3 Rfd8 16. Rfe1 a5 17. a3 a4 18. Ba2 Be8 19. Nxe6 fxe6 20. Bxe6+ Bf7 21. Bxc8 Rxc8 22. Re5 Bb6 23. Re7 Bb3 24. Rd2 Bd5 25. Re1 Kf7 26. Be3 Bc7 27. Bd4 Bc4 28. g3 Rd8 29. Rdd1 Bb3 30. Rd2 g5 31. Re3 Rd5 32. Rf3 Bd8 33. Bxf6 Bxf6 34. Rxd5 Bxd5 35. Rd3 Bc6 36. h3 Be5 37. Rd1 h5 38. Kf1 Bf6 39. Re1 Kg6 40. Rd1 Be5 41. Re1 Kf5 42. Kg1 h4 43. Re3 Be4 44. Kh2 Bd6 45. Re2 Bc5 46. Rd2 Ke5 47. gxh4 gxh4 48. Kg1 Be7 49. Kf1 b5 50. Rd1 Bg5 51. Kg1 Bf3 52. Rd3 Be2 53. Rd7 Bc4 54. Rd1 Bb3 55. Re1+ Kf5 56. Rf1 Bd2 57. c4 bxc4 0-1